<?xml version="1.0" encoding="UTF-8"?>
<record
    xmlns:xsi="http://www.w3.org/2001/XMLSchema-instance"
    xsi:schemaLocation="http://www.loc.gov/MARC21/slim http://www.loc.gov/standards/marcxml/schema/MARC21slim.xsd"
    xmlns="http://www.loc.gov/MARC21/slim">

  <leader>00942nam a2200277 a 4500</leader>
  <controlfield tag="001">735</controlfield>
  <controlfield tag="003">BR-CuiBMT</controlfield>
  <controlfield tag="005">20231116020450.0</controlfield>
  <controlfield tag="008">231101s2013    spb           001 0 por d</controlfield>
  <datafield tag="020" ind1=" " ind2=" ">
    <subfield code="a">9788539201587</subfield>
  </datafield>
  <datafield tag="040" ind1=" " ind2=" ">
    <subfield code="a">BR-CuiBMT</subfield>
    <subfield code="c">BR-CuiBMT</subfield>
  </datafield>
  <datafield tag="080" ind1=" " ind2=" ">
    <subfield code="a">352</subfield>
    <subfield code="2">2007</subfield>
    <subfield code="x">(81)</subfield>
  </datafield>
  <datafield tag="090" ind1=" " ind2=" ">
    <subfield code="a">352(81)</subfield>
    <subfield code="b">M514d</subfield>
    <subfield code="c">17. ed.</subfield>
  </datafield>
  <datafield tag="100" ind1="1" ind2=" ">
    <subfield code="a">Meirelles, Hely Lopes,</subfield>
    <subfield code="d">1917-1990</subfield>
  </datafield>
  <datafield tag="245" ind1=" " ind2="0">
    <subfield code="a">Direito municipal brasileiro /</subfield>
    <subfield code="c">Hely Lopes Meirelles ; Adilson Abreu Dallari, coordenador.</subfield>
  </datafield>
  <datafield tag="250" ind1=" " ind2=" ">
    <subfield code="a">17. ed. atual.</subfield>
  </datafield>
  <datafield tag="260" ind1=" " ind2=" ">
    <subfield code="a">S&#xE3;o Paulo:</subfield>
    <subfield code="b">Malheiros Editores,</subfield>
    <subfield code="c">2013.</subfield>
  </datafield>
  <datafield tag="300" ind1=" " ind2=" ">
    <subfield code="a">870 p. ;</subfield>
    <subfield code="c">21 cm</subfield>
  </datafield>
  <datafield tag="504" ind1=" " ind2=" ">
    <subfield code="a">Inclui bibliografia e &#xED;ndice.</subfield>
  </datafield>
  <datafield tag="650" ind1=" " ind2=" ">
    <subfield code="a">Lei de Responsabilidade fiscal</subfield>
    <subfield code="x">Munic&#xED;pio</subfield>
    <subfield code="z">Brasil</subfield>
  </datafield>
  <datafield tag="650" ind1=" " ind2=" ">
    <subfield code="a">Finan&#xE7;as p&#xFA;blicas</subfield>
    <subfield code="v">Legisla&#xE7;&#xE3;o</subfield>
    <subfield code="z">Brasil</subfield>
  </datafield>
  <datafield tag="650" ind1=" " ind2=" ">
    <subfield code="a">Estatuto das cidades</subfield>
    <subfield code="z">Brasil</subfield>
  </datafield>
  <datafield tag="650" ind1=" " ind2=" ">
    <subfield code="a">Emendas constitucionais</subfield>
    <subfield code="x">Munic&#xED;pio</subfield>
    <subfield code="z">Brasil</subfield>
  </datafield>
  <datafield tag="700" ind1="1" ind2=" ">
    <subfield code="a">Dallari, Adilson Abreu,</subfield>
    <subfield code="d">1941-</subfield>
    <subfield code="4">coord.</subfield>
  </datafield>
  <datafield tag="942" ind1=" " ind2=" ">
    <subfield code="2">udc</subfield>
    <subfield code="c">LV</subfield>
  </datafield>
  <datafield tag="952" ind1=" " ind2=" ">
    <subfield code="0">0</subfield>
    <subfield code="1">0</subfield>
    <subfield code="2">udc</subfield>
    <subfield code="4">0</subfield>
    <subfield code="7">0</subfield>
    <subfield code="a">BIBTCEMT</subfield>
    <subfield code="b">BIBTCEMT</subfield>
    <subfield code="d">2013-04-02</subfield>
    <subfield code="l">0</subfield>
    <subfield code="o">342(81) M514d 17. ed.</subfield>
    <subfield code="p">BIBTCEMT23110595</subfield>
    <subfield code="r">2023-11-16</subfield>
    <subfield code="t">Ex. 1</subfield>
    <subfield code="w">2023-11-16</subfield>
    <subfield code="y">LV</subfield>
  </datafield>
  <datafield tag="999" ind1=" " ind2=" ">
    <subfield code="c">735</subfield>
    <subfield code="d">735</subfield>
  </datafield>
</record>
